书目信息 |
| 题名: |
岩体力学的力学基础
|
|
| 作者: | 李民庆 著 | |
| 分册: | ||
| 出版信息: | 长沙 湖南科学技术出版社 1979 |
|
| 页数: | 256页 | |
| 开本: | 19cm | |
| 丛书名: | ||
| 单 册: | ||
| 中图分类: | TU45 | |
| 科图分类: | ||
| 主题词: | 岩石力学 | |
| 电子资源: | ||
| ISBN: | ||
| 000 | 00605nam0 2200229 45 | |
| 001 | 0179006837 | |
| 005 | 20060814155324.45 | |
| 010 | @dCNY0.65 | |
| 091 | @a13204.6 | |
| 100 | @a19950727d1979 em y0chiy0121 ea | |
| 101 | 0 | @achi |
| 102 | @aCN@b430000 | |
| 105 | @ay z 000yy | |
| 200 | 10 | @a岩体力学的力学基础@Ayan ti li xue de li xue ji chu@f李民庆著@Fli min qing zhu |
| 205 | @a新1版 | |
| 210 | @a长沙@c湖南科学技术出版社@d1979 | |
| 215 | @a256页@d19cm | |
| 606 | @a岩石力学 | |
| 690 | @aTU45@v3 | |
| 701 | 0 | @a李民庆@Ali min qing@4著 |
| 801 | 0 | @aCN@bTSSF@c20060814 |
| 905 | @a10447@dTU45@e245 | |
| 岩体力学的力学基础/李民庆著.-新1版.-长沙:湖南科学技术出版社,1979 |
| 256页;19cm |
| ISBN :CNY0.65 |
| ● |
| 相关链接 |
|
|
|
|
正题名:岩体力学的力学基础
索取号:TU45/245
 
预约/预借
| 序号 | 登录号 | 条形码 | 馆藏地/架位号 | 状态 | 备注 |
| 1 | 0018362 | 001481408 | 密集书库/ [索取号:TU45/245] | 在馆 | |
| 2 | 0018363 | 001481391 | 密集书库/ [索取号:TU45/245] | 在馆 | |
| 3 | 0438450 | 204384503 | 密集书库/ [索取号:TU45/245] | 在馆 | |
| 4 | 0458256 | 204582567 | 密集书库/ [索取号:TU45/245] | 在馆 | |
| 5 | 0458257 | 204582576 | 密集书库/ [索取号:TU45/245] | 在馆 |